| 000 | 00754pam a2200253 a 4500 | ||
|---|---|---|---|
| 008 | |||
| 020 | _a0028019881 (pbk. ) | ||
| 049 | _aMAIN | ||
| 050 | 0 | 0 | _aR728.5 NEW |
| 245 | 0 | 0 |
_aFrom patient to payment : _binsurance procedures for the medical office / _c[edited by] Cynthia Newby. |
| 250 | _a2nd ed. | ||
| 260 |
_aNew York : _bGlencoe/McGraw-Hill, _c1998. |
||
| 300 |
_aix, 293 p. : _bill. (col.). ; _c28 cm. |
||
| 500 | _aIncludes index. | ||
| 650 | 0 |
_aMedical offices _xManagement. |
|
| 650 | 0 | _aMedical fees. | |
| 650 | 0 | _aInsurance, Health. | |
| 700 | 1 | _aCollins, Rhonda. | |
| 907 |
_a.b10243082 _b10-05-07 _c08-05-07 |
||
| 003 | |||
| 005 | 20230120203948.0 | ||
| 040 | _cNUST | ||
| 942 | _cBOOKS | ||
| 999 |
_c114650 _d114650 |
||